| 000 -LEADER |
| fixed length control field |
00888nam a22002537a 4500 |
| 008 - FIXED-LENGTH DATA ELEMENTS--GENERAL INFORMATION |
| fixed length control field |
131107b xxu||||| |||| 00| 0 eng d |
| 020 ## - INTERNATIONAL STANDARD BOOK NUMBER |
| International Standard Book Number |
9780821378229 |
| 041 0# - LANGUAGE CODE |
| Language code of text/sound track or separate title |
eng |
| 080 ## - UNIVERSAL DECIMAL CLASSIFICATION NUMBER |
| Universal Decimal Classification number |
331 - 053.6 |
| Common auxiliary subdivision |
(664) |
| 100 ## - Rafti |
| Rafti |
Peeters, Pia |
| 245 ## - TITLE STATEMENT |
| Title |
Youth employment in Sierra Leone : |
| Statement of responsibility, etc |
Pia Peeters, Wendy Cunningham, Gayatri Achayra, etj. |
| 260 ## - |
| -- |
Washington, DC : |
| -- |
World Bank, |
| -- |
c2009. |
| 300 ## - |
| -- |
182 f.: |
| -- |
me il. ; |
| -- |
23 cm. |
| 500 ## - |
| -- |
Biliography = Biliografia : f. 167 - 172 |
| 505 ## - |
| -- |
Index : f. 173 - 182 |
| 650 #0 - |
| -- |
Rinia |
| -- |
Punësimi |
| -- |
Sierra Leone. |
| 650 #0 - |
| -- |
Ofertë e punës |
| -- |
Sierra Leone. |
| 650 #0 - |
| -- |
Trajnimi profesional |
| -- |
Sierra Leone. |
| 700 ## - |
| -- |
Peeters, Pia |
| 700 ## - |
| -- |
Cunningham, Wendy |
| 700 ## - |
| -- |
Achayra, Gayatri |
| 700 ## - |
| -- |
Adams, Arvil Van |
| 942 ## - ADDED ENTRY ELEMENTS (KOHA) |
| Source of classification or shelving scheme |
|
| Item type |
Books |